00549nam a2200169 a 450008200190000010000210001924500320004026000440007230000090011650000350012550500440016065000200020470000210022494200080024595201090025399900170036200a909.04927bESP aEsposito, John L aThe Oxford History of Islam aNew YorkbOxford University Pressc1999 a749p aincludes index and biblioraphy2 aCommunal and Ethinic Violence in India. aIslamic-History1 aEsposito, John L cREF 001040708REFaHMIbHMIcREFd2007-06-05g1225.00l0o297.09 ESPp019538r2023-01-16w2026-01-16yREF c12426d12426